000 01289nam a2200217Ia 4500
003 Ost
005 20260507075035.0
008 260507s9999||||xx |||||||||||||| ||und||
040 _cfsecg
041 _aara
082 _a330
100 _aإدريس، ثابت عبد الرحمان
_eمؤلف
245 0 _aبحوث التسويق :
_bأساليب القياس والتحليل وإختبار الفروض /
_c ثابت عبد الرحمان إدريس
260 _aالإسكندرية:
_bالدار الجامعية,
_c2003
300 _a920 صفحة؛
_bإيضاحات ؛
_c24 سم
520 _aمفاهيم أساسية لبحوث التسويق- عملية البحث التسويقي- تصميم البحث- طرق جمع البيانات الأولية- تصميم قائمة الأسئلة- إجراءات العينات- العينات الدائمة- تحضير البيانات لأغراض التحليل الإحصائي- أساليب تحليل البيانات- صياغة وإختبار الفروض- تقرير البحوث التسويقية- تطبيقات عملية لأساليب تحليل المتغيرات المتعددة
653 _aأدارة المبيعات
653 _aالتسويق
653 _aالتسويق-بحوث
942 _cكتاب
999 _c42448
_d42448